Thi luật thơ lục bát trong truyện Kiều
Nội dung sách nghiên cứu về thi luật thơ lục bát với các vấn đề vần điệu, tiết điệu, nhịp điệu và việc kết hợp thanh âm trong Truyện Kiều.
Zapisane w:
| 1. autor: | |
|---|---|
| Format: | Książka |
| Język: | Undetermined |
| Wydane: |
Hà Nội
Giáo dục
2016
|
| Hasła przedmiotowe: | |
| Etykiety: |
Dodaj etykietę
Nie ma etykietki, Dołącz pierwszą etykiete!
|
| Thư viện lưu trữ: | Trung tâm Học liệu Trường Đại học Cần Thơ |
|---|
| LEADER | 00806nam a2200205Ia 4500 | ||
|---|---|---|---|
| 001 | CTU_226280 | ||
| 008 | 210402s9999 xx 000 0 und d | ||
| 020 | |c 400000 | ||
| 082 | |a 895.92212 | ||
| 082 | |b Th116 | ||
| 100 | |a Lý, Toàn Thắng | ||
| 245 | 0 | |a Thi luật thơ lục bát trong truyện Kiều | |
| 245 | 0 | |c Lý Toàn Thắng | |
| 260 | |a Hà Nội | ||
| 260 | |b Giáo dục | ||
| 260 | |c 2016 | ||
| 520 | |a Nội dung sách nghiên cứu về thi luật thơ lục bát với các vấn đề vần điệu, tiết điệu, nhịp điệu và việc kết hợp thanh âm trong Truyện Kiều. | ||
| 650 | |a Thơ Việt Nam,Vietnamese poetry | ||
| 910 | |b dqhieu | ||
| 980 | |a Trung tâm Học liệu Trường Đại học Cần Thơ | ||